Países de África en un minuto - Estadísticas

Estadísticas generales
  • Esta prueba ha sido intentada 20.103 veces
  • La puntuación promedio es 27 de 54
Respuestas en el mapa
Las respuestas están codificadas por una escala verde-roja en el mapa de la prueba según el % correcto abajo.
 
Estadísticas de respuestas
País % Correcto
Egipto
89%
Marruecos
87%
Argelia
86%
Libia
79%
Sudán
76%
Túnez
75%
Níger
72%
República Democrática del Congo
72%
República del Congo
71%
Chad
70%
Malí
68%
Sudáfrica
68%
Somalia
67%
Nigeria
66%
Etiopía
65%
Sudán del Sur
61%
Madagascar
60%
Kenia
57%
Mauritania
57%
Angola
56%
Guinea
56%
Eritrea
54%
Ghana
50%
Senegal
50%
Tanzania
47%
Togo
46%
Camerún
45%
Lesoto
44%
Namibia
43%
Mozambique
42%
Zambia
42%
Benín
41%
Gambia
41%
Gabón
39%
Uganda
39%
Yibuti
38%
Liberia
36%
Ruanda
36%
Botsuana
35%
Cabo Verde
35%
Burundi
34%
Zimbabue
34%
Malaui
33%
Guinea-Bissau
32%
Mauricio
30%
Burkina Faso
28%
Costa de Marfil
28%
Esuatini
28%
Guinea Ecuatorial
28%
República Centroafricana
28%
Comoras
26%
Sierra Leona
26%
Seychelles
24%
Santo Tomé y Príncipe
18%
No se encontraron pruebas coincidentes
Distribución de puntuación
Porcentaje de gente con cada puntuación
Porcentaje por número respondido
Historial de tus puntuaciones
No has intentado esta prueba.